| 000 | 00625cam a22002052 4500 | ||
|---|---|---|---|
| 001 | 0000020727 | ||
| 005 | 20151217152220.0 | ||
| 008 | 111006s xx 000 0 eng d | ||
| 020 | _a03930465 : | ||
| 040 |
_aKABU _cKABU |
||
| 100 | 1 |
_aWare, Susan. _@0000181266 |
|
| 245 | 1 | 0 |
_aLetter to the world : _bseven women who shaped the American century / _cSusan Ware. |
| 250 | _a1st ed. | ||
| 260 |
_aNew York : _bW. W. Norton, _c1998. |
||
| 300 | _axxiv, 344 p. | ||
| 650 | 0 |
_aWomen _vBiography _zUnited States. _@0000181267 |
|
| 852 | 1 | _9p2480 KES | |
| 908 | _a111006 | ||
| 950 | _@1 | ||
| 999 |
_c9482 _d9482 |
||